[Event "Reunion op"]
[Site "St Denis"]
[Date "2022.10.13"]
[Round "8"]
[White "Folio, Thomas"]
[Black "Dace, Jean Emeric"]
[Result "1-0"]
[WhiteElo "1431"]
[BlackElo "1649"]
[PlyCount "69"]
[EventDate "2022.10.13"]
[EventType "swiss"]
[EventRounds "9"]
[EventCountry "RUF"]
[SourceTitle "EXT 2024"]
[Source "ChessBase"]
[SourceDate "2023.10.10"]
[SourceVersion "1"]
[SourceVersionDate "2023.10.10"]
[SourceQuality "1"]

1. e4 e6 2. d3 b6 3. g3 Bb7 4. Bg2 d5 5. Nd2 Nf6 6. e5 Nfd7 7. Ngf3 c5 8. 0-0 Nc6 9. Re1 Qc7 10. Qe2 Nb4 11. Nf1 Be7 12. Bf4 Nf8 13. c3 Nc6 14. d4 h6 15. h4 Rg8 16. g4 g5 17. hxg5 hxg5 18. Bg3 Ng6 19. Ne3 a5 20. Nxd5 exd5 21. e6 Nf4 22. exf7+ Kf8 23. fxg8Q+ Kxg8 24. Qc2 Qd6 25. Nxg5 Bxg5 26. Qf5 Qg6 27. Bxd5+ Kh8 28. Qxg6 Nxg6 29. Re6 Nge7 30. Be5+ Kh7 31. Be4+ Kg8 32. Bxc6 Bxc6 33. f4 Kf7 34. Rd6 Rh8 35. Bxh8 1-0

[Event "Reunion op"]
[Site "St Denis"]
[Date "2022.10.13"]
[Round "6"]
[White "Folio, Thomas"]
[Black "Fondrat, Johan"]
[Result "0-1"]
[WhiteElo "1431"]
[BlackElo "1742"]
[PlyCount "126"]
[EventDate "2022.10.13"]
[EventType "swiss"]
[EventRounds "9"]
[EventCountry "RUF"]
[SourceTitle "EXT 2024"]
[Source "ChessBase"]
[SourceDate "2023.10.10"]
[SourceVersion "1"]
[SourceVersionDate "2023.10.10"]
[SourceQuality "1"]

1. e4 c5 2. Nc3 Nc6 3. g3 g6 4. Bg2 Bg7 5. d3 e6 6. Be3 d6 7. Qd2 a6 8. Nge2 b5 9. 0-0 Nd4 10. Nd1 Bb7 11. c3 Nxe2+ 12. Qxe2 Ne7 13. f4 h5 14. d4 Rc8 15. dxc5 dxc5 16. Nf2 c4 17. Rad1 Qa5 18. e5 Bxg2 19. Kxg2 0-0 20. Ne4 Nf5 21. a3 Qc7 22. Nd6 Qc6+ 23. Kf2 Rcd8 24. Qf3 Qxf3+ 25. Kxf3 Nxd6 26. Rxd6 Rxd6 27. exd6 Rd8 28. Rd1 Rd7 29. h3 Kf8 30. g4 hxg4+ 31. hxg4 Ke8 32. Bc5 f5 33. g5 Bf8 34. Re1 Kf7 35. Rd1 Ke8 36. Re1 Kf7 37. Rd1 Bg7 38. Re1 Rd8 39. Re2 Bf8 40. Rd2 a5 41. Bb6 Rxd6 42. Rxd6 Bxd6 43. Bxa5 e5 44. fxe5 Bxe5 45. Bb6 Ke6 46. Bc5 Bd6 47. Bd4 Be7 48. Kf4 Bd6+ 49. Kf3 Kd5 50. Bf6 Bh2 51. Bd8 Be5 52. Be7 Bc7 53. Bf6 Kc5 54. Bd4+ Kc6 55. Bf6 Kb6 56. Bd4+ Ka5 57. Ke2 Ka4 58. Be3 Kb3 59. Bc5 Kxb2 60. Bb4 Bf4 61. Be7 Kxc3 62. Bf6+ Kb3 63. Be7 c3 0-1

[Event "Reunion op"]
[Site "St Denis"]
[Date "2022.10.13"]
[Round "2"]
[White "Folio, Thomas"]
[Black "Lallemand, Philippe"]
[Result "1-0"]
[WhiteElo "1431"]
[BlackElo "1840"]
[PlyCount "59"]
[EventDate "2022.10.13"]
[EventType "swiss"]
[EventRounds "9"]
[EventCountry "RUF"]
[SourceTitle "EXT 2024"]
[Source "ChessBase"]
[SourceDate "2023.10.10"]
[SourceVersion "1"]
[SourceVersionDate "2023.10.10"]
[SourceQuality "1"]

1. e4 c5 2. Nc3 d6 3. g3 b6 4. Bg2 Bb7 5. d3 Nf6 6. f4 e6 7. Nf3 Be7 8. 0-0 Nc6 9. h3 a6 10. Ne2 Qc7 11. c3 Na5 12. b4 Nc6 13. Be3 0-0 14. Qd2 Rad8 15. g4 e5 16. g5 Nd7 17. f5 cxb4 18. cxb4 f6 19. Rac1 Qb8 20. Nh4 d5 21. Rxc6 Bxc6 22. g6 dxe4 23. gxh7+ Kf7 24. Qe1 Rh8 25. Qg3 Rxh7 26. dxe4 Bxb4 27. Bf2 Bc5 28. Qb3+ Ke8 29. Bxc5 bxc5 30. Qe6+ 1-0

[Event "Reunion op 21st"]
[Site "St Denis"]
[Date "2019.10.20"]
[Round "9"]
[White "Dace, Jean Emeric"]
[Black "Folio, Thomas"]
[Result "1/2-1/2"]
[WhiteElo "1654"]
[BlackElo "1199"]
[PlyCount "107"]
[EventDate "2019.10.20"]
[EventType "swiss"]
[EventRounds "9"]
[EventCountry "RUF"]
[SourceTitle "CBM 192 Extra"]
[Source "Chessbase"]
[SourceDate "2019.11.06"]
[SourceVersion "1"]
[SourceVersionDate "2019.11.06"]
[SourceQuality "1"]

1. Nf3 d5 2. b3 e6 3. Bb2 c5 4. e3 Nf6 5. Be2 Nc6 6. 0-0 Bd6 7. c4 0-0 8. d4 dxc4 9. Bxc4 Qe7 10. dxc5 Bxc5 11. a3 a6 12. Qc2 b5 13. Ng5 g6 14. Be2 Bb7 15. Nd2 Bb6 16. Qc3 e5 17. f4 exf4 18. Kh1 Bxe3 19. Ndf3 Kg7 20. Ne4 Nd4 21. Nxd4 Bxe4 22. Nf3 Rac8 23. Qe1 Rfd8 24. Ng5 Rc6 25. Qh4 h5 26. Nxe4 Qxe4 27. Bf3 Qc2 28. Bxc6 Qxb2 29. h3 Rd6 30. Bf3 Rd2 31. b4 Rc2 32. Qg5 Bc1 33. Raxc1 Rxc1 34. Rxc1 Qxc1+ 35. Kh2 Qxa3 36. Qxf4 a5 37. bxa5 Qxa5 38. Qe5 Qb6 39. Bd1 Qe6 40. Qd4 Kh7 41. Bc2 Ne8 42. Qf2 Qe5+ 43. g3 Nd6 44. Kg2 Kg7 45. Qf3 Nf5 46. Bxf5 Qxf5 47. Qc3+ f6 48. Qc7+ Kh6 49. h4 Qd5+ 50. Kh2 Qa2+ 51. Kh3 Qe6+ 52. Kg2 Qe2+ 53. Kg1 Qe1+ 54. Kg2 1/2-1/2

[Event "Reunion op 21st"]
[Site "St Denis"]
[Date "2019.10.20"]
[Round "4"]
[White "Folio, Thomas"]
[Black "Mablouke, Ulrich"]
[Result "1/2-1/2"]
[WhiteElo "1199"]
[BlackElo "1433"]
[PlyCount "30"]
[EventDate "2019.10.20"]
[EventType "swiss"]
[EventRounds "9"]
[EventCountry "RUF"]
[SourceTitle "CBM 192 Extra"]
[Source "Chessbase"]
[SourceDate "2019.11.06"]
[SourceVersion "1"]
[SourceVersionDate "2019.11.06"]
[SourceQuality "1"]

1. e4 e5 2. Nf3 Nc6 3. Bc4 d6 4. h3 g5 5. d4 g4 6. Ng5 Nh6 7. hxg4 Na5 8. Bb3 Nxb3 9. axb3 f6 10. Nf3 Nxg4 11. dxe5 fxe5 12. Nc3 c6 13. Bg5 Be7 14. Bxe7 Qxe7 15. Qd2 Rf8 1/2-1/2